| 000 | 00391cam a2200157ua 4500 | ||
|---|---|---|---|
| 041 |
_ahin _h |
||
| 082 |
_a891.43 _bBAB/CH |
||
| 100 | _aBabu Devakinandan, Khatri . | ||
| 245 |
_aChandrakantha / _cBabu devakinandan khatri. _hTextual Documents |
||
| 250 |
_a1 / _b. |
||
| 260 |
_a : _bLahari book depot , _c1961. |
||
| 300 | _a285 ; . | ||
| 504 | _a | ||
| 942 | _cBK | ||
| 999 |
_c12033 _d12033 |
||